000 00199 a2200097 4500
001 2214
100 _aWrigley
245 _aFire Control Principles
260 _a
_bMcGrawHill
_c
090 _c1621
_d1621
942 _aNUST-CAE
_cM
_c6903
999 _c237287
_d237287